000 00579nam a2200181Ia 4500
003 GCL
008 140319s9999 xx 000 0 ara d
040 _aGCL /
_cGCL
082 0 4 _a217.6
_bم ح
100 1 _aمحمود الصباغ
245 1 0 _aحقيقة التنظيم الخاص ودورة فى دعوة الاخوان المسلمين /
_cمحمود الصباغ
260 _a[S.N] :
_bدار الاعتصام ،
_c1989
300 _a493 ص
490 _a
650 0 4 _aالجرائم السياسية
650 0 4 _aالاخوان المسلمون
942 _2ddc
_cBK
999 _c52583
_d52583